00185nam a2200073Ia 4500008004100000100002800041245001800069260002400087190216s9999||||xx |||||||||||||| ||und|| aBhagavat Swaroop Mithra 0aHindi-Vividha bMacmillan India Ltd